|
|
|
|
| LEADER |
00871nta a2200241 i 4500 |
| 001 |
dipl105889 |
| 005 |
20210208110433.0 |
| 008 |
210208s2012 hu om 0|| zxx d |
| 040 |
|
|
|a SZTE Diploma Repozitórium
|b hun
|
| 041 |
|
|
|a zxx
|
| 100 |
1 |
|
|a Gál Levente
|
| 245 |
1 |
0 |
|a Testkultúra az ókori Rómában
|h [elektronikus dokumentum] /
|c Levente Gál
|
| 246 |
1 |
0 |
|a Body culture in ancient Rome
|h [elektronikus dokumentum]
|
| 260 |
|
|
|c 2012
|
| 650 |
|
4 |
|a Pedagógusképzés
|
| 650 |
|
4 |
|a Humanities
|
| 650 |
|
4 |
|a History and archaeology
|
| 650 |
|
4 |
|a History
|
| 650 |
|
4 |
|a Ancient history
|
| 650 |
|
4 |
|a Ancient cultures
|
| 700 |
1 |
|
|a Viskolcz Noémi
|e ths
|
| 856 |
4 |
0 |
|u http://diploma.bibl.u-szeged.hu/id/eprint/105889/1/2012_gal_levente.pdf
|z Dokumentum-elérés
|
| 856 |
4 |
0 |
|u http://diploma.bibl.u-szeged.hu/id/eprint/105889/3/2012_gal_levente_melleklet.zip
|z Dokumentum-elérés
|